[Event "AUTO-OPEN-3567"]
[Site "http://www.queenalice.com/game.php?id=1393313"]
[Date "2015.11.10"]
[Round "1"]
[White "Fernandoalves"]
[Black "maurice91"]
[Result "0-1"]
[WhiteElo "1700"]
[BlackElo "1958"]

1. d4 d5 2. Nf3 Bf5 3. Nc3 Nc6 4. h3 Nb4 5. Kd2 Bxc2 6. Qe1 Bg6 7. e4 dxe4 8.
Nxe4 e6 9. Nfg5 h6 10. Nf3 Bc5 11. Qe3 Ne7 12. a3 Nbd5 13. Qb3 Bb6 14. g4 Bxe4
15. Bg2 Bxf3 16. Bxf3 c6 17. Qc4 Nc7 18. Ke1 Bxd4 19. h4 Qd7 20. g5 Nf5 21. Bf4
Bxb2 22. Rd1 Nd5 23. Rd2 Bc3 24. gxh6 Bxd2+ 25. Bxd2 Nxh6 26. Qd4 f6 27. Bh5+
Nf7 28. Qg4 Kf8 29. Rg1 Nh6 30. Qe4 f5 31. Qe5 Nf6 32. Bb4+ Kg8 33. Rxg7+ Kxg7
34. Bc3 Qe7 35. Qg3+ Ng4 36. Bxg4 fxg4 37. h5 Kf7 38. Qh4 Rxh5 39. Qg3 Rd8 40.
Qf4 Rf5 41. Qe3 Ne4 42. Qxe4 Qc5 43. f3 Qg1+ 0-1

[Event "AUTO-OPEN-3567"]
[Site "http://www.queenalice.com/game.php?id=1393314"]
[Date "2015.11.10"]
[Round "1"]
[White "maurice91"]
[Black "Fernandoalves"]
[Result "0-1"]
[WhiteElo "1910"]
[BlackElo "1661"]

1. d4 d5 2. Nf3 h6 3. Bf4 Nf6 4. h3 e6 5. Nbd2 Nbd7 6. a4 c6 7. e3 Be7 8. c4 Bb4
9. Rc1 Ne4 10. c5 g5 11. Bh2 Qf6 12. Bd3 Bxd2+ 13. Nxd2 Qxf2# 0-1

[Event "AUTO-OPEN-3567"]
[Site "http://www.queenalice.com/game.php?id=1393315"]
[Date "2015.11.10"]
[Round "1"]
[White "Fernandoalves"]
[Black "saida"]
[Result "1-0"]
[WhiteElo "1680"]
[BlackElo "1769"]

1. d4 f6 2. e3 e5 3. Nf3 Bb4+ 4. c3 Ba5 5. b4 Bb6 6. dxe5 fxe5 7. Nxe5 Qf6 8.
Qh5+ g6 9. Nxg6 Qxg6 10. Qe5+ Kf8 11. Qxh8 Qg7 12. Qxg7+ Kxg7 13. Bb2 d6 14. Nd2
Bg4 15. h3 Bh5 16. g4 Bg6 17. Bg2 Bd3 18. Bxb7 1-0

[Event "AUTO-OPEN-3567"]
[Site "http://www.queenalice.com/game.php?id=1393316"]
[Date "2015.11.10"]
[Round "1"]
[White "saida"]
[Black "Fernandoalves"]
[Result "1-0"]
[WhiteElo "1684"]
[BlackElo "1689"]

1. d4 d5 2. c4 Nf6 3. Nc3 e6 4. Bg5 h6 5. Bh4 g5 6. Bg3 dxc4 7. e4 c5 8. e5 Nfd7
9. Bxc4 cxd4 10. Qxd4 Bc5 11. Qd3 f6 12. Qg6+ Ke7 13. Qg7+ Ke8 14. Qxh8+ Kf7 15.
Qh7+ Ke8 16. Bxe6 Qe7 17. Qxe7+ Bxe7 18. exf6 Bxf6 19. Nf3 Nc6 20. O-O Nc5 21.
Bd5 Bd8 22. Rfe1+ Ne7 23. Bd6 Nd3 24. Re3 Nxb2 25. Rae1 a5 26. Bxe7 Bxe7 27.
Rxe7+ Kd8 28. Rh7 Ra6 29. Re6 Bxe6 30. Rh8+ Ke7 31. Bxb7 Rd6 32. Rh7+ Bf7 33.
Ne5 Nd1 34. Ng6+ Kf6 35. Ne4+ Ke6 36. Nxd6 Kxd6 37. Rxf7 1-0

[Event "AUTO-OPEN-3567"]
[Site "http://www.queenalice.com/game.php?id=1393317"]
[Date "2015.11.10"]
[Round "1"]
[White "Fernandoalves"]
[Black "jalhallib"]
[Result "0-1"]
[WhiteElo "1673"]
[BlackElo "2029"]

1. d4 d5 2. e3 g6 3. b3 Bg7 4. Nc3 Nf6 5. h3 O-O 6. Ba3 Re8 7. g4 Ne4 8. Nxe4
dxe4 9. f3 exf3 10. Nxf3 b6 11. Bg2 c6 12. c4 Bb7 13. Ng5 h6 14. Ne4 c5 15. Bb2
cxd4 16. exd4 Nd7 17. Qf3 Bxe4 18. Qxe4 Rb8 19. O-O Nf6 20. Qf3 Qd6 21. a3 g5
22. Rad1 Qc7 23. d5 Qc5+ 24. Kh1 Qd6 25. Rf2 a5 26. Re1 b5 27. Be5 Qxa3 28. Bxb8
Rxb8 29. Bf1 bxc4 30. Bxc4 Qb4 31. Qe3 Re8 32. Qe2 Nd7 33. Bb5 Bc3 34. Ref1 Rd8
35. Rxf7 Bf6 36. Qe6 Qxb5 37. Rf5 Nc5 38. Qe3 Kxf7 39. h4 Nxb3 40. Qe6+ Kg7 41.
hxg5 hxg5 42. Rxf6 Rh8+ 43. Kg2 exf6 44. Qe7+ Kg6 45. Qe4+ Kh6 46. Qf5 Qe2+ 0-1

[Event "AUTO-OPEN-3567"]
[Site "http://www.queenalice.com/game.php?id=1393318"]
[Date "2015.11.10"]
[Round "1"]
[White "jalhallib"]
[Black "Fernandoalves"]
[Result "1-0"]
[WhiteElo "2020"]
[BlackElo "1694"]

1. Nf3 d5 2. d4 h6 3. g3 Nf6 4. Bg2 e6 5. O-O c6 6. c3 g5 7. Ne5 Rg8 8. Nd2 b6
9. e4 c5 10. exd5 exd5 11. Re1 Be7 12. Ndf3 Qc7 13. h3 g4 14. hxg4 Bxg4 15. Nxg4
Nxg4 16. Ne5 Nxe5 17. Rxe5 Qd6 18. Rxd5 Qe6 19. Re5 Qg4 20. Qxg4 Rxg4 21. Bxa8
cxd4 22. cxd4 Rxd4 23. Bxh6 Rc4 24. Rae1 Nc6 25. Bxc6+ Rxc6 26. Rxe7+ Kd8 27.
Bg5 Rg6 28. Bf4 a5 29. Rxf7 Kc8 30. Re8# 1-0

[Event "AUTO-INT-3073"]
[Site "http://www.queenalice.com/game.php?id=1393415"]
[Date "2015.11.10"]
[Round "1"]
[White "sss"]
[Black "Fernandoalves"]
[Result "1-0"]
[WhiteElo "1372"]
[BlackElo "1521"]

1. e4 e5 2. Nf3 Nc6 3. Bc4 Bc5 4. d3 f6 5. Nc3 a6 6. a4 d6 7. h3 Nge7 8. Qe2 f5
9. Ng5 Qd7 10. Be6 Nd4 11. Bxd7+ Bxd7 12. Qd1 h6 13. Nf3 1-0

[Event "AUTO-INT-3073"]
[Site "http://www.queenalice.com/game.php?id=1393416"]
[Date "2015.11.10"]
[Round "1"]
[White "Fernandoalves"]
[Black "sss"]
[Result "0-1"]
[WhiteElo "1442"]
[BlackElo "1424"]

1. d4 d5 2. h3 Nc6 3. Nf3 Nf6 4. e3 a6 5. g4 h6 6. Bg2 Ne4 7. c3 f5 8. gxf5 Bxf5
9. Nbd2 e6 10. Nb3 b6 11. Nh4 Qxh4 12. Qe2 Bd6 13. Bd2 Rf8 0-1

[Event "AUTO-INT-3073"]
[Site "http://www.queenalice.com/game.php?id=1393443"]
[Date "2015.11.10"]
[Round "1"]
[White "Fernandoalves"]
[Black "fegtri17"]
[Result "0-1"]
[WhiteElo "1554"]
[BlackElo "1860"]

1. d4 d5 2. Nf3 e6 3. a3 c5 4. e3 cxd4 5. exd4 Bd6 6. b4 Nf6 7. c4 dxc4 8. Bxc4
O-O 9. Bd3 b6 10. Qc2 h6 11. Be4 Nd5 12. g4 Nd7 13. g5 f5 14. Bd3 hxg5 15. Bxg5
N7f6 16. Nh4 Bf4 17. Ng6 Bxg5 0-1

[Event "AUTO-INT-3073"]
[Site "http://www.queenalice.com/game.php?id=1393444"]
[Date "2015.11.10"]
[Round "1"]
[White "fegtri17"]
[Black "Fernandoalves"]
[Result "1-0"]
[WhiteElo "1865"]
[BlackElo "1554"]

1. d4 d5 2. c4 Nf6 3. cxd5 Qxd5 4. Nc3 Qf5 5. e3 b6 6. Bd3 Qe6 7. Qf3 Bb7 8.
Qxb7 a5 9. Qxa8 Nd7 10. Nb5 Qc6 11. Qxc6 Nxc6 12. Nxc7+ Kd8 13. Nd5 e6 14. Nf4
e5 15. dxe5 Ndxe5 16. b3 Nb4 17. Kd2 Bc5 18. Bb2 Ng4 19. Ngh3 h6 20. Bxg7 Re8
21. Bb5 Re4 22. a3 Nxf2 23. axb4 1-0

[Event "AUTO-ADV-3530"]
[Site "http://www.queenalice.com/game.php?id=1393500"]
[Date "2015.11.10"]
[Round "1"]
[White "Fernandoalves"]
[Black "Givanildo"]
[Result "0-1"]
[WhiteElo "1465"]
[BlackElo "1621"]

1. d4 e6 2. a3 c5 3. Nf3 h6 4. e3 Nc6 5. c3 cxd4 6. cxd4 a6 7. Ne5 Nxe5 8. dxe5
Qg5 9. f4 Qh4+ 10. g3 Qe7 11. Bg2 Qc5 12. Nd2 Be7 13. b4 Qxe3+ 14. Qe2 Qxe2+ 15.
Kxe2 Bd8 16. Bb2 Ne7 17. g4 O-O 18. h4 Nd5 19. Rhf1 Bxh4 20. Nc4 Be7 21. Bd4 b5
0-1

[Event "AUTO-ADV-3530"]
[Site "http://www.queenalice.com/game.php?id=1393501"]
[Date "2015.11.10"]
[Round "1"]
[White "Givanildo"]
[Black "Fernandoalves"]
[Result "1-0"]
[WhiteElo "1631"]
[BlackElo "1455"]

1. e3 e6 2. d4 d5 3. a3 Nf6 4. h3 b6 5. Bd2 Ne4 6. Bd3 Nf6 7. Ne2 c5 8. O-O Bb7
9. dxc5 bxc5 10. c3 d4 11. cxd4 Nd5 12. Be4 f5 13. Bf3 c4 14. Nec3 Qb6 15. Na4
Qd8 16. Nc5 Qb6 17. Nxb7 Qxb7 18. Nc3 Qxb2 19. Rb1 Qxa3 20. Nb5 1-0

[Event "AUTO-ADV-3530"]
[Site "http://www.queenalice.com/game.php?id=1393502"]
[Date "2015.11.10"]
[Round "1"]
[White "Fernandoalves"]
[Black "MariusLola"]
[Result "0-1"]
[WhiteElo "1646"]
[BlackElo "1871"]

1. d4 d5 2. Nf3 Bf5 3. Nc3 Nc6 4. h3 f6 5. Bf4 Nb4 6. Rc1 Nxc2+ 7. Rxc2 Bxc2 8.
Qxc2 e6 9. a3 Bd6 10. Nb5 Ne7 11. Be5 fxe5 12. dxe5 a6 13. exd6 axb5 14. dxe7
Qxe7 15. e4 c6 16. Ne5 O-O 17. Nxc6 bxc6 18. exd5 exd5+ 19. Be2 b4 20. Qxc6 Qe4
21. Rg1 Qd4 22. Bf3 Qxb2 23. Bxd5+ Kh8 24. g4 Qb1+ 25. Ke2 Qxg1 0-1

[Event "Challenge"]
[Site "http://www.queenalice.com/game.php?id=1402586"]
[Date "2016.1.6"]
[Round "-"]
[White "fornery"]
[Black "Fernandoalves"]
[Result "1-0"]
[WhiteElo "1500"]
[BlackElo "1423"]

1. Nf3 e6 2. e3 a6 3. Bd3 Bd6 4. O-O c6 5. Ng5 Qxg5 6. f4 Bxf4 7. Qf3 Nf6 8.
exf4 Qh4 9. Nc3 Ng4 10. Qh3 Qf6 11. Qxg4 Qd4+ 12. Rf2 g6 13. Be4 f5 14. Qf3 fxe4
15. Nxe4 b5 16. c3 Qb6 17. Nd6+ Kf8 18. f5 exf5 19. Nxc8 Qc7 20. g4 f4 21. Qxf4+
Qxf4 22. Rxf4+ Kg7 23. a4 Rxc8 24. d3 d5 25. Be3 Kg8 26. Raf1 Nd7 27. g5 Ne5 28.
Bd4 Nxd3 29. Rf7 Nxb2 30. Rg7+ Kh8 31. Rxg6# 1-0

[Event "Challenge"]
[Site "http://www.queenalice.com/game.php?id=1418096"]
[Date "2016.4.13"]
[Round "-"]
[White "fornery"]
[Black "Fernandoalves"]
[Result "0-1"]
[WhiteElo "1556"]
[BlackElo "1423"]

1. e4 e5 2. Bc4 Qf6 3. Nf3 Bc5 4. c3 Qg6 5. O-O d6 6. d4 Bh3 7. Ng5 Be6 8. Nxe6
fxe6 9. dxc5 dxc5 10. Qb3 b6 11. Bxe6 Nf6 12. Rd1 Qxe4 13. Bg5 h6 14. Re1 Qxe1#
0-1

[Event "Challenge"]
[Site "http://www.queenalice.com/game.php?id=1418555"]
[Date "2016.4.16"]
[Round "-"]
[White "Fernandoalves"]
[Black "fornery"]
[Result "1-0"]
[WhiteElo "1438"]
[BlackElo "1656"]

1. e4 e5 2. Qf3 Qe7 3. Nc3 b6 4. Nd5 Qc5 5. b4 Qxc2 6. Qc3 Qxe4+ 7. Ne3 b5 8.
Qxc7 Nc6 9. f3 Qg6 10. Bxb5 Bxb4 11. Bxc6 dxc6 12. Qxc6+ Qxc6 13. Ne2 Bc5 14.
Bb2 f6 15. Rc1 Ba6 16. Ng3 Rb8 17. Ba1 Qb5 18. Nd5 Qa5 19. Nf5 Kf7 20. Nc3 Rd8
21. Ne3 Ne7 22. h4 Qb6 23. Rb1 Qd6 24. Rd1 e4 25. Nxe4 Qf4 26. Nf1 Rd5 27. Rc1
Bxf1 28. Rxf1 Qxh4+ 29. Ke2 Bb4 30. Bc3 f5 31. Bxb4 fxe4 32. Bxe7 Qxe7 33. fxe4+
Ke8 34. Rc4 Qg5 35. exd5 Kd7 36. Rf7+ Kd6 37. d4 Qh5+ 38. Rf3 Kxd5 39. Rc5+ Kxd4
40. Rxh5 g6 41. Rf4+ Kc3 42. Rc5+ Kb2 43. Rb5+ Ka3 44. Rfb4 a6 45. Rb6 Ra8 46.
Re4 g5 47. Rh6 Ra7 48. g4 a5 49. Re5 a4 50. Rxg5 Rb7 51. Kf3 Rf7+ 52. Kg3 Ra7
53. Rh2 Kb4 54. Rgh5 a3 55. Rf2 Rb7 56. Rf4+ Kc3 57. Rf3+ Kb2 58. Rh2+ Kc1 59.
Rf1# 1-0

[Event "Challenge"]
[Site "http://www.queenalice.com/game.php?id=1429734"]
[Date "2016.6.30"]
[Round "-"]
[White "fornery"]
[Black "Fernandoalves"]
[Result "0-1"]
[WhiteElo "1627"]
[BlackElo "1463"]

1. e4 e5 2. d4 exd4 3. Qxd4 Nc6 4. Qa4 Bc5 5. Nf3 Nf6 6. Nc3 Ng4 7. h3 Nxf2 8.
e5 Nxh1 9. Nd5 O-O 10. Bg5 f6 11. Bh4 Re8 12. Qg4 Nxe5 13. Nxf6+ Qxf6 14. Qe4
Nxf3+ 0-1

[Event "Challenge"]
[Site "http://www.queenalice.com/game.php?id=1434782"]
[Date "2016.8.4"]
[Round "-"]
[White "fornery"]
[Black "Fernandoalves"]
[Result "1-0"]
[WhiteElo "1609"]
[BlackElo "1486"]

1. e4 e5 2. d4 exd4 3. Qxd4 Qf6 4. Be3 Nc6 5. Qd3 Bb4+ 6. Bd2 Qxb2 7. c3 Qxa1 8.
Qc2 Bc5 9. Nf3 Nf6 10. Bc4 Bxf2+ 11. Kxf2 Ng4+ 12. Kg3 d6 13. Bc1 Nce5 14. Bb3
O-O 15. Bb2 Ne3 16. Qe2 Qxb2 17. Qxb2 Re8 18. Ng5 Be6 19. Qf2 N3g4 20. Qf4 c6
21. Qd2 Rad8 22. Bd1 Nc4 23. Qf4 Nge5 24. Bh5 g6 25. Nxe6 Rxe6 26. Be2 Rde8 27.
h4 Nb6 28. h5 Nbd7 29. Nd2 d5 30. Nf3 dxe4 31. Nxe5 Nxe5 32. Bd1 g5 33. Qxe4 Nd3
34. Qf5 Re5 35. Qf6 Nc5 36. Bc2 Ne4+ 37. Bxe4 Rxe4 38. Rf1 R8e7 39. h6 Re3+ 40.
Kh2 1-0

[Event "Challenge"]
[Site "http://www.queenalice.com/game.php?id=1440408"]
[Date "2016.9.9"]
[Round "-"]
[White "Fernandoalves"]
[Black "fornery"]
[Result "0-1"]
[WhiteElo "1475"]
[BlackElo "1626"]

1. e4 d5 2. Qf3 h5 3. Nc3 c6 4. exd5 Bg4 5. Qf4 cxd5 6. Bb5+ Nc6 7. f3 Bd7 8.
Nxd5 Qa5 9. Nc7+ Kd8 10. Nxa8 Qxb5 11. Nc7 e5 12. Nxb5 exf4 13. b3 Bc5 14. Bb2
Nb4 15. Na3 f6 16. Ne2 g5 17. d4 Bb6 18. Rd1 Ba5 19. O-O Bb6 20. Nc3 Ne7 21.
Ncb5 Ned5 22. Rde1 Ba5 23. Nd6 Nxc2 24. Nxc2 Kc7 25. Ba3 Bxe1 26. Rxe1 a5 27.
Re4 f5 28. Re5 Kc6 29. Nf7 Re8 30. Rxe8 Bxe8 31. Nxg5 b5 32. b4 Kb6 33. Ne6 a4
34. Bc1 Nc3 35. Nxf4 Nxa2 36. Bb2 Bf7 37. d5 Kc7 38. Ba3 Kd6 39. Nd4 Be8 40. h3
Ke5 41. Nfe6 f4 42. Nc6+ Kxd5 43. Nc7+ Kc4 44. Nxe8 Kb3 45. g4 fxg3 46. Nf6 Kxa3
47. Nxh5 Kb2 48. Nxg3 Nc3 49. h4 a3 50. h5 a2 51. h6 a1=Q+ 52. Kg2 Qc1 53. Nd4
Qd2+ 54. Nge2 Nxe2 55. h7 Qxd4 56. Kf1 Nf4 57. Ke1 Qg1+ 58. Kd2 Qc1# 0-1